000 00727nam a22002057a 4500
003 koha_MIRAKIL
005 20250415150115.0
008 250415b tur||||| |||| 00| 0 tur d
020 _a9786258253214
040 _aTR-IsEVY
_btur
_cTR-IsEVY
082 _a927 PİR/B
100 _aPir, Feraye Turan
245 0 _aBir kültür sanat öncüsü :
_bOsman Hamdi Bey (1842-1910) : ressam, arkeolog, müzeci, Güzel Sanatlar Akademisi müdürü /
_cFeraye Turan Pir ; resimleyen Helin Kurt.
260 _aİstanbul :
_bHayalperest Yayınevi,
_c2023.
300 _a32 s. :
_brenkli resimli ;
_c26 cm.
600 1 4 _aOsman Hamdi Bey.
650 _aBiyografi.
_vRessamlar.
700 1 _aKurt, Helin.
_cresimleyen.
942 _2ddc
_cBK
999 _c21801
_d21801